Statistics for Best Queen songs

Click here to take the quiz!

General Stats

  • This quiz has been taken 66 times
  • The average score is 12 of 20

Answer Stats

Answer% Correct
4Bohemian Rhapsody
98%
15Killer Queen
84%
2We Are The Champions
84%
16We Will Rock You
82%
13Another One Bites The Dust
78%
6Under Pressure
76%
10Don't Stop Me Now
73%
8Somebody To Love
73%
12Radio Ga Ga
69%
19Crazy Little Thing Called Love
61%
14I Want To Break Free
57%
5The Show Must Go On
57%
1Love Of My Life
49%
17You're My Best Friend
49%
9A Kind Of Magic
41%
18Hammer To Fall
41%
3Who Wants To Live Forever
37%
20These Are The Days Of Our Lives
22%
7Too Much Love Will Kill You
18%
11Breakthru
14%

Score Distribution

Percentile by Number Answered

Percent of People with Each Score

Your Score History

You have not taken this quiz